| 000 | 00542nam a22001697a 4500 | ||
|---|---|---|---|
| 003 | BD-ChCU | ||
| 005 | 20260127093102.0 | ||
| 008 | 260127b bg ||||| |||| 00| 0 ben d | ||
| 040 | _cBD-ChCU | ||
| 082 | _aREF 639.312 SYM | ||
| 100 |
_aRobin L . ed. _919716 |
||
| 245 |
_aSymposium on the methodology for the survey , Monitoring and appraisal of fishery resources in lakes and large rivers ./ _cL. Robin . |
||
| 260 |
_aRome : _bF A O , _cC 1975 |
||
| 300 | _avol . 1 & 2. | ||
| 650 | 0 |
_aFisheries . Zoology . _919721 |
|
| 942 |
_2ddc _cBK _n0 |
||
| 999 |
_c111292 _d111292 |
||